Paul Bunyan / (Record no. 6441)

MARC details
000 -LEADER
fixed length control field 01550cam a22003497a 4500
001 - CONTROL NUMBER
control field 6441
003 - CONTROL NUMBER IDENTIFIER
control field FISKH
005 - DATE AND TIME OF LATEST TRANSACTION
control field 20250611152011.0
008 - FIXED-LENGTH DATA ELEMENTS--GENERAL INFORMATION
fixed length control field 120403s2013 flua b 000 0 eng d
010 ## - LIBRARY OF CONGRESS CONTROL NUMBER
LC control number 2012936794
020 ## - INTERNATIONAL STANDARD BOOK NUMBER
International Standard Book Number 9781618101938 (alk. paper)
020 ## - INTERNATIONAL STANDARD BOOK NUMBER
International Standard Book Number 1618101935 (alk. paper)
020 ## - INTERNATIONAL STANDARD BOOK NUMBER
International Standard Book Number 9781618103260 (soft cover)
020 ## - INTERNATIONAL STANDARD BOOK NUMBER
International Standard Book Number 1618103261 (soft cover)
040 ## - CATALOGING SOURCE
Original cataloging agency BTCTA
Language of cataloging eng
Transcribing agency BTCTA
050 ## - LIBRARY OF CONGRESS CALL NUMBER
Classification number PZ7.K83574 P
082 ## - DEWEY DECIMAL CLASSIFICATION NUMBER
Classification number 813.54
100 1# - MAIN ENTRY--PERSONAL NAME
Personal name Koontz, Robin.
245 10 - TITLE STATEMENT
Title Paul Bunyan /
Statement of responsibility, etc. written and illustrated by Robin Koontz.
260 ## - PUBLICATION, DISTRIBUTION, ETC.
Place of publication, distribution, etc. Vero Beach :
Name of publisher, distributor, etc. Rourke Educational Media,
Date of publication, distribution, etc. 2013.
300 ## - PHYSICAL DESCRIPTION
Extent 24 pages :
Other physical details color illustrations ;
Dimensions 21 cm
490 0# - SERIES STATEMENT
Series statement Little birdie books
505 ## - FORMATTED CONTENTS NOTE
Formatted contents note M<br/>
520 ## - SUMMARY, ETC.
Summary, etc. Paul And Babe Are Summoned To Help The People Of Shadowtown Move Their House To The Sunny Side Of The Mountain. But Babe's Strength Kept Hurling The Houses Too Far So A Young Boy Named Ezra Devises A Plan To Tempt Babe With A Basket Of Apples That Help Her To Slowly Push The Houses To The Exact Spot They Wanted. All The Houses Were Moved And They Celebrated While Babe Takes A Nap. Teaching Focus, Words To Know Before You Read, Comprehension And Extension Activities. Inside Front And Back Cover Parent And Teacher Support
521 8# - TARGET AUDIENCE NOTE
Target audience note 530<br/>
Source Lexile <br/>
521 8# - TARGET AUDIENCE NOTE
Target audience note M<br/>
Source Raz-Plus<br/>
600 10 - SUBJECT ADDED ENTRY--PERSONAL NAME
Personal name Bunyan, Paul
Titles and other words associated with a name (Legendary character)
Form subdivision Juvenile fiction.
650 #0 - SUBJECT ADDED ENTRY--TOPICAL TERM
Topical term or geographic name entry element Readers (Primary)
906 ## - LOCAL DATA ELEMENT F, LDF (RLIN)
a 7
b cbc
c copycat
d 2
e epcn
f 20
g y-gencatlg
942 ## - ADDED ENTRY ELEMENTS (KOHA)
Source of classification or shelving scheme Dewey Decimal Classification
Koha item type Books
Suppress in OPAC No
Holdings
Withdrawn status Lost status Source of classification or shelving scheme Damaged status Not for loan Collection Home library Current library Shelving location Date acquired Total Checkouts Full call number Barcode Date last seen Date last checked out Copy number Price effective from Koha item type
    Dewey Decimal Classification     Juvenile Fiction Footprints International School Library Network Toul Kork Campus Footprints International School Library Network Toul Kork Campus TK Primary Library Room(4th Floor), Bookcase 3&4, Shelves 17-32, Yellow Books 05/02/2025 1 KOO 813.54 PZ7.K83574 P FISTK00959 02/11/2026 02/04/2026 1 05/02/2025 Books
    Dewey Decimal Classification     Juvenile Fiction Footprints International School Library Network Toul Tom Poung Campus Footprints International School Library Network Toul Tom Poung Campus TTP Primary Yellow Bookshelves 06/11/2025   KOO 813.54 PZ7.K83574 P 2025-1582 06/11/2025   2 06/11/2025 Books